THERAPEUTIC EXERCISE FOUNDATION AND TECHNIQUES (Record no. 16980)

MARC details
000 -LEADER
fixed length control field 00340nam a22001457a 4500
003 - CONTROL NUMBER IDENTIFIER
control field SGT
020 ## - INTERNATIONAL STANDARD BOOK NUMBER
International Standard Book Number 978-93-5270-319-7
082 ## - DEWEY DECIMAL CLASSIFICATION NUMBER
Classification number 615.8
Item number T18K
100 ## - MAIN ENTRY--PERSONAL NAME
Personal name KISNER, CAROLYN
245 ## - TITLE STATEMENT
Title THERAPEUTIC EXERCISE FOUNDATION AND TECHNIQUES
250 ## - EDITION STATEMENT
Edition statement 7TH
260 ## - PUBLICATION, DISTRIBUTION, ETC. (IMPRINT)
Place of publication, distribution, etc INDIA
Name of publisher, distributor, etc JAYPEE PUB.
Year of Publication 2018
300 ## - PAGE DESCRIPTION
No. of Pages 1081
942 ## - ADDED ENTRY ELEMENTS (KOHA)
Source of classification or shelving scheme Dewey Decimal Classification
Koha item type Books
942 ## - ADDED ENTRY ELEMENTS (KOHA)
-- 99
Holdings
Withdrawn status Lost status Source of classification or shelving scheme Damaged status Not for loan Collection code Home library Current library Shelving location Date acquired Vendor Name Cost, normal purchase price SGTU Bill Number Total Checkouts Total Renewals Full call number Accession No. (Barcode) Date last seen Date last borrowed Bill Date Koha item type Checked out
    Dewey Decimal Classification     MEDICAL SGT Medical Library SGT Medical Library Text Book 22/02/2019 ABC DELHI 1995.00 SGTU 10441 36 1 615.8 T18K FM11181 03/04/2026 28/03/2026 20/12/2018 Books  
    Dewey Decimal Classification     MEDICAL SGT Medical Library SGT Medical Library Text Book 22/02/2019 ABC DELHI 1995.00 SGTU 10441 42   615.8 T18K FM11182 13/08/2025 31/07/2025 20/12/2018 Books  
    Dewey Decimal Classification     MEDICAL SGT Medical Library SGT Medical Library Text Book 22/02/2019 ABC DELHI 1995.00 SGTU 10441 16 1 615.8 T18K FM11183 03/06/2026 03/06/2026 20/12/2018 Books 17/06/2026
    Dewey Decimal Classification     MEDICAL SGT Medical Library SGT Medical Library Text Book 22/02/2019 ABC DELHI 1995.00 SGTU 10441 46   615.8 T18K FM11184 03/06/2026 03/06/2026 20/12/2018 Books 17/06/2026
    Dewey Decimal Classification   Not For Loan MEDICAL SGT Medical Library SGT Medical Library Text Book 22/02/2019 ABC DELHI 1995.00 SGTU 10441 12   615.8 T18K FM11185 11/12/2023 25/11/2023 20/12/2018 Books